000 00469nam a2200169Ia 4500
008 131103s9999 xx 000 0 und d
040 _aLoreto College
041 _aEnglish
082 _a378/UNI
_bLCLIB/26170
245 2 _aA survey of the teaching of physics at universities
260 _aNetherlands
_bUnesco
_c1966
300 _a396p.
_b ill.,chart, tables
504 _aIncludes appendix
650 _aHigher education
850 _aLCLIB/378/UNE
942 _cBK
999 _c24441
_d74920